<?xml version="1.0" encoding="UTF-8"?>
<collection xmlns="http://www.loc.gov/MARC21/slim">
 <record>
  <leader>01041nam a22002175  4500</leader>
  <controlfield tag="001">1/17441</controlfield>
  <controlfield tag="008">010220s2000    hera     bt   1 11  enk d</controlfield>
  <datafield tag="020" ind1=" " ind2=" ">
   <subfield code="a">1878289845</subfield>
  </datafield>
  <datafield tag="035" ind1=" " ind2=" ">
   <subfield code="l">17963</subfield>
  </datafield>
  <datafield tag="040" ind1=" " ind2=" ">
   <subfield code="a">GR-PeUP</subfield>
  </datafield>
  <datafield tag="082" ind1="0" ind2="0">
   <subfield code="a">658.4'038 IN</subfield>
  </datafield>
  <datafield tag="110" ind1="2" ind2=" ">
   <subfield code="a">Information Resources Management Association.</subfield>
   <subfield code="b">International Conference,</subfield>
   <subfield code="d">(2000 :</subfield>
   <subfield code="c">Anchorage, Alaska, USA)</subfield>
  </datafield>
  <datafield tag="245" ind1="1" ind2="0">
   <subfield code="a">Challenges of information technology management in the 21st century :</subfield>
   <subfield code="b">proceedings of 2000 Information Resources Management Association International Conference, Anchorage, Alaska, USA, May 21-24, 2000 /</subfield>
   <subfield code="c">Mehdi Khosrowpour.</subfield>
  </datafield>
  <datafield tag="260" ind1=" " ind2=" ">
   <subfield code="a">Hershey :</subfield>
   <subfield code="b">Idea Group Publishing,</subfield>
   <subfield code="c">2000.</subfield>
  </datafield>
  <datafield tag="300" ind1=" " ind2=" ">
   <subfield code="a">1227 p. :</subfield>
   <subfield code="b">tab., fig. ;</subfield>
   <subfield code="c">24 cm.</subfield>
  </datafield>
  <datafield tag="504" ind1=" " ind2=" ">
   <subfield code="a">Includes bibliographical references and index</subfield>
  </datafield>
  <datafield tag="650" ind1=" " ind2="4">
   <subfield code="a">Information resources management</subfield>
   <subfield code="x">Congresses.</subfield>
  </datafield>
  <datafield tag="650" ind1=" " ind2="4">
   <subfield code="a">Information technology</subfield>
   <subfield code="x">Management</subfield>
   <subfield code="x">Congresses.</subfield>
  </datafield>
  <datafield tag="700" ind1="1" ind2=" ">
   <subfield code="a">Khosrowpour, Mehdi.</subfield>
  </datafield>
  <datafield tag="852" ind1=" " ind2=" ">
   <subfield code="a">INST</subfield>
   <subfield code="b">UNIPILB</subfield>
   <subfield code="c">MAIN</subfield>
   <subfield code="e">20040709</subfield>
   <subfield code="h">658.4'038 IN</subfield>
   <subfield code="p">00135842</subfield>
   <subfield code="q">00135842</subfield>
   <subfield code="t">LOAN</subfield>
   <subfield code="y">0</subfield>
   <subfield code="4">1</subfield>
  </datafield>
  <datafield tag="856" ind1="4" ind2=" ">
   <subfield code="d">/webopac/covers/01/17963_1878289845.jpg</subfield>
  </datafield>
 </record>
</collection>
